000 00677nam a22002057a 4500
005 20170717104043.0
008 170717b xxu||||| |||| 00| 0 eng d
020 _a2-7462-0770-2
040 _aBUAC
_cBUC
100 _aDeswarte, Yves
245 _aSécurité des réseaux et systèmes répartis
_c/ par dir. Yves Deswarte, Ludovic Mé
260 _aParis :
_bLavoisier,
_c2002
300 _a266 p.
_c; 24 cm
440 _a(Reseau et Telecoms)
_n(Information-commande-communication)
500 _aBibliogr. à la fin de chaque chapitre Index pp. (265-266)
630 _aSCIENCES APPLIQUEES
650 _aréseau : sécurité
700 _aMé, Ludovic
942 _cLBA
999 _c56721
_d56721